=LDR 00000nam 2200000 4500 =001 INLIS000000000050221 =005 20170425020532 =035 ##$$a 0010-0417000036 =007 ta =008 170425###########################0###### =020 ##$$a 978 - 602 -97501 - 4 - 1 =082 ##$$a 551.456 =084 ##$$a 551.456 TJA m =100 #$$a Tjandra, Ellen =245 1#$$a Mengenal Estuaria ( Muara ) /$c Ellen Tjandra =250 ##$$a Cet.2 =260 ##$$a Bogor :$b Pakar Media,$c 2013 =300 ##$$a iv, 60 hlm. : $b Ilus ; $c 25 cm. =650 ##$$a Muara =990 ##$$a 73237323 =990 ##$$a 73237323 =990 ##$$a 31700737 =990 ##$$a 02201707323 =990 ##$$a 31700738 =990 ##$$a 31700737